Parvoviruses and human disease / (Record no. 16042)
[ view plain ]
| 000 -LEADER | |
|---|---|
| fixed length control field | 00474pam a2200181 a 4500 |
| 020 ## - INTERNATIONAL STANDARD BOOK NUMBER | |
| ISBN | 0849359562 |
| 040 ## - CATALOGING SOURCE | |
| Transcribing agency | DLC |
| 082 00 - DEWEY DECIMAL CLASSIFICATION NUMBER | |
| Classification number | 576 CRC 1988 A082 Or. |
| 245 00 - TITLE STATEMENT | |
| Title | Parvoviruses and human disease / |
| 260 ## - PUBLICATION, DISTRIBUTION, ETC. (IMPRINT) | |
| Place of publication | Boca Raton, Fla. : |
| Name of publisher | CRC Press, |
| Year of publication | c1988. |
| 300 ## - PHYSICAL DESCRIPTION | |
| Number of Pages | 181 p. : |
| Other physical details | ill. ; |
| Dimensions | 26 cm. |
| 650 #0 - SUBJECT ADDED ENTRY--TOPICAL TERM | |
| Topical Term | Parvovirus infections. |
| 650 #0 - SUBJECT ADDED ENTRY--TOPICAL TERM | |
| Topical Term | Parvoviruses. |
| 650 #2 - SUBJECT ADDED ENTRY--TOPICAL TERM | |
| Topical Term | Parvoviridae. |
| 650 #2 - SUBJECT ADDED ENTRY--TOPICAL TERM | |
| Topical Term | Parvovirus Infections. |
| 700 1# - ADDED ENTRY--PERSONAL NAME | |
| Personal name | Pattison, J. R. |
| 942 ## - ADDED ENTRY ELEMENTS (KOHA) | |
| Koha item type | សៀវភៅភាសាអង់គ្លេស |
| 952 ## - LOCATION AND ITEM INFORMATION (KOHA) | |
| Withdrawn status [LOCAL, KOHA] | 0 |
| Permanent Location | Date acquired | Koha item type | Lost status | Shelving location | Barcode | Current Location | Full call number |
|---|---|---|---|---|---|---|---|
| Library Block A | 2017-12-27 | សៀវភៅភាសាអង់គ្លេស | A082 | A13404 | Library Block A | 576 CRC 1988 A082 Or. |